000 00577nam a2200193 a 4500
001 8557
003 CO-ViMGA
008 141112s2004 ck r 000 u spa d
020 _a8477226164
040 _aCO-ViMGA
_bspa
_cCO-ViMGA
082 0 4 _aDENvz
100 1 _aDENOU, VIOLETA
_98407
245 1 0 _aVAMOS AL ZOO, TEO /
_cDENOU VIOLETA
260 _aBARCELONA,
_cCEAC,
_c1991
300 _a10 p. il.
590 _aForma de adquisición : COMPRA - - Proveedor : PROYECTO FIS - - Fecha de adquisición : 24 - 07 - 99
650 1 4 _aCUENTOS ILUSTRATIVOS
_98408
942 _2ddc
_cBK
999 _c20203
_d20203